000 00321nam a2200121Ia 4500
008 190722s9999 xx 000 0 und d
020 _a978-81-265-5052-4
100 _aNelson , Nelson
245 0 _aExcel Data Analysis For Dummies
260 _aNew Delhi
_bJohn Wiley & Sons.Inc. (India)
_c2014
300 _a346
942 _cBK
999 _c286
_d286